000 00355pab a2200145 454500
008 180718b2005 xxu||||| |||| 00| 0 eng d
100 _aManonmani, T.
245 _aCommunication strategy for water management
260 _c2005
300 _ap.7-10.
362 _aSep
650 _aWater resources management
773 _aKurukshetra
909 _a66841
999 _c66841
_d66841